00472nam a2200181 a 450000100060000000300090000600800410001502000150005604000280007108200180009910000280011724500400014526000340018530000110021965000130023065000360024365000110027914016CO-ViMGA141112s2004 ck r 000 u spa d a8487520340 aCO-ViMGAbspacCO-ViMGA04a372.86 C154cu1 aCañizares M., Jose M.10a400 juegos y ejercicios por parejas aSevilla : bWanceulen, c1998 a146.p.14aDEPORTES14aeducación FISICA PARA NIÑOS14aJUEGOS